<?xml version="1.0" encoding="UTF-8"?>
<record
    xmlns:xsi="http://www.w3.org/2001/XMLSchema-instance"
    xsi:schemaLocation="http://www.loc.gov/MARC21/slim http://www.loc.gov/standards/marcxml/schema/MARC21slim.xsd"
    xmlns="http://www.loc.gov/MARC21/slim">

  <leader>01192nam0a22002771  4500</leader>
  <controlfield tag="001">v19\rc\1418083</controlfield>
  <controlfield tag="005">20260406162713.0</controlfield>
  <datafield tag="035" ind1=" " ind2=" ">
    <subfield code="a">(NLR Aleph) 005206868</subfield>
  </datafield>
  <datafield tag="090" ind1=" " ind2=" ">
    <subfield code="a">5367605</subfield>
    <subfield code="c">5367605</subfield>
  </datafield>
  <datafield tag="100" ind1=" " ind2=" ">
    <subfield code="a">20060512d1882    |||y0rusy50      ca</subfield>
  </datafield>
  <datafield tag="101" ind1="0" ind2=" ">
    <subfield code="a">rus</subfield>
  </datafield>
  <datafield tag="102" ind1=" " ind2=" ">
    <subfield code="a">RU</subfield>
  </datafield>
  <datafield tag="105" ind1=" " ind2=" ">
    <subfield code="a">ch  z   |||||</subfield>
  </datafield>
  <datafield tag="200" ind1="1" ind2=" ">
    <subfield code="a">&#x421;&#x43A;&#x43E;&#x431;&#x435;&#x43B;&#x435;&#x432;</subfield>
    <subfield code="e">&#x41B;&#x438;&#x447;&#x43D;&#x44B;&#x435; &#x432;&#x43E;&#x441;&#x43F;&#x43E;&#x43C;&#x438;&#x43D;&#x430;&#x43D;&#x438;&#x44F; &#x438; &#x432;&#x43F;&#x435;&#x447;&#x430;&#x442;&#x43B;&#x435;&#x43D;&#x438;&#x44F;</subfield>
    <subfield code="f">[&#x421;&#x43E;&#x447;.] &#x412;.&#x418;. &#x41D;&#x435;&#x43C;&#x438;&#x440;&#x43E;&#x432;&#x438;&#x447;&#x430;-&#x414;&#x430;&#x43D;&#x447;&#x435;&#x43D;&#x43A;&#x43E;</subfield>
    <subfield code="g">&#x421; 4 &#x433;&#x440;&#x430;&#x432;. &#x438; &#x444;&#x430;&#x43A;&#x441;. &#x43F;&#x438;&#x441;&#x44C;&#x43C;&#x430; &#x41C;.&#x414;. &#x421;&#x43A;&#x43E;&#x431;&#x435;&#x43B;&#x435;&#x432;&#x430;</subfield>
  </datafield>
  <datafield tag="210" ind1=" " ind2=" ">
    <subfield code="a">&#x421;&#x430;&#x43D;&#x43A;&#x442;-&#x41F;&#x435;&#x442;&#x435;&#x440;&#x431;&#x443;&#x440;&#x433;</subfield>
    <subfield code="c">&#x410;.&#x424;. &#x414;&#x435;&#x432;&#x440;&#x438;&#x435;&#x43D;</subfield>
    <subfield code="d">1882</subfield>
  </datafield>
  <datafield tag="215" ind1=" " ind2=" ">
    <subfield code="a">[4], 358 &#x441;., [5] &#x43B;. &#x43F;&#x43E;&#x440;&#x442;&#x440;., &#x444;&#x430;&#x43A;&#x441;.</subfield>
    <subfield code="d">23</subfield>
  </datafield>
  <datafield tag="700" ind1=" " ind2="1">
    <subfield code="8">rus</subfield>
    <subfield code="7">ca</subfield>
    <subfield code="a">&#x41D;&#x435;&#x43C;&#x438;&#x440;&#x43E;&#x432;&#x438;&#x447;-&#x414;&#x430;&#x43D;&#x447;&#x435;&#x43D;&#x43A;&#x43E;</subfield>
    <subfield code="b">&#x412;. &#x418;.</subfield>
    <subfield code="f">1848-1936</subfield>
    <subfield code="g">&#x412;&#x430;&#x441;&#x438;&#x43B;&#x438;&#x439; &#x418;&#x432;&#x430;&#x43D;&#x43E;&#x432;&#x438;&#x447;</subfield>
    <subfield code="3">RU\NLR\AUTH\779629</subfield>
    <subfield code="9">119446</subfield>
  </datafield>
  <datafield tag="702" ind1=" " ind2="1">
    <subfield code="4">570</subfield>
    <subfield code="8">rus</subfield>
    <subfield code="7">ca</subfield>
    <subfield code="a">&#x421;&#x43A;&#x43E;&#x431;&#x435;&#x43B;&#x435;&#x432;</subfield>
    <subfield code="b">&#x41C;. &#x414;.</subfield>
    <subfield code="f">1843-1882</subfield>
    <subfield code="g">&#x41C;&#x438;&#x445;&#x430;&#x438;&#x43B; &#x414;&#x43C;&#x438;&#x442;&#x440;&#x438;&#x435;&#x432;&#x438;&#x447;</subfield>
    <subfield code="3">RU\NLR\AUTH\7716067</subfield>
    <subfield code="9">125711</subfield>
  </datafield>
  <datafield tag="801" ind1=" " ind2="0">
    <subfield code="a">RU</subfield>
    <subfield code="b">NLR</subfield>
    <subfield code="c">20060512</subfield>
    <subfield code="g">psbo</subfield>
  </datafield>
  <datafield tag="801" ind1=" " ind2="0">
    <subfield code="a">RU</subfield>
    <subfield code="b">RuMoRGB</subfield>
    <subfield code="c">20060512</subfield>
    <subfield code="2">psbo</subfield>
  </datafield>
  <datafield tag="801" ind1=" " ind2="1">
    <subfield code="a">RU</subfield>
    <subfield code="b">ProSoft-M</subfield>
    <subfield code="c">20060512</subfield>
    <subfield code="2">rusmarc</subfield>
  </datafield>
  <datafield tag="801" ind1=" " ind2="2">
    <subfield code="a">RU</subfield>
    <subfield code="b">NLR</subfield>
    <subfield code="c">20101117</subfield>
    <subfield code="2">rusmarc</subfield>
  </datafield>
  <datafield tag="852" ind1=" " ind2=" ">
    <subfield code="a">NLR</subfield>
    <subfield code="j">18.156.5.34</subfield>
  </datafield>
  <datafield tag="852" ind1=" " ind2=" ">
    <subfield code="a">NLR</subfield>
    <subfield code="j">133/2893</subfield>
  </datafield>
  <datafield tag="942" ind1=" " ind2=" ">
    <subfield code="c">BOOK</subfield>
  </datafield>
  <datafield tag="980" ind1=" " ind2=" ">
    <subfield code="a">NB</subfield>
  </datafield>
  <datafield tag="995" ind1=" " ind2=" ">
    <subfield code="5">2013-10-26</subfield>
    <subfield code="b">NLR02</subfield>
    <subfield code="c">NLR02</subfield>
    <subfield code="e">RFS</subfield>
    <subfield code="f">5206868-10</subfield>
    <subfield code="k">18.156.5.34</subfield>
    <subfield code="o">0</subfield>
    <subfield code="r">BOOK</subfield>
    <subfield code="s">18156534_</subfield>
  </datafield>
  <datafield tag="995" ind1=" " ind2=" ">
    <subfield code="5">2013-10-26</subfield>
    <subfield code="b">NLR02</subfield>
    <subfield code="c">NLR02</subfield>
    <subfield code="e">RFS</subfield>
    <subfield code="f">5206868-20</subfield>
    <subfield code="k">133/2893</subfield>
    <subfield code="o">0</subfield>
    <subfield code="r">BOOK</subfield>
    <subfield code="s">1332893_</subfield>
  </datafield>
</record>
